| 000 | 00776nam a2200253Ia 4500 | ||
|---|---|---|---|
| 003 | OSt | ||
| 005 | 20220925223721.0 | ||
| 006 | a|||||r|||| 00| 0 | ||
| 007 | ta | ||
| 008 | 220923b |||||||| |||| 00| 0 eng d | ||
| 020 |
_a9780415481847 _c2244.8899999999999 |
||
| 037 |
_b10280, 19/09/2011, Elite Publisher Distributors _cGeneral Book |
||
| 040 |
_aRTL _cRTL _beng |
||
| 041 |
_2eng _aeng |
||
| 082 | _aR5.55, Q1 | ||
| 100 |
_aCAZEAUX Clive _9290233 |
||
| 245 | 0 | _aContinental aesthetics reader | |
| 250 | _a2 | ||
| 260 |
_aLondon _bRoutledge _c2011 |
||
| 300 |
_axviii, 750p _ccm. |
||
| 500 | _aGlossary: P 718-33 | ||
| 942 |
_hR5.55, Q1 _cGB _2CC |
||
| 999 |
_c580260 _d580260 |
||